[Event "Targu Mures op"]
[Site "Targu Mures"]
[Date "2021.07.21"]
[Round "1"]
[White "Ardeleanu, Alin"]
[Black "Durac, Eugen"]
[Result "1-0"]
[WhiteElo "2299"]
[BlackElo "1446"]
[PlyCount "57"]
[EventDate "2021.07.21"]
[EventType "swiss"]
[EventRounds "7"]
[EventCountry "ROU"]
[SourceTitle "CBM 203 Extra"]
[Source "ChessBase"]
[SourceDate "2021.09.30"]
[SourceVersion "1"]
[SourceVersionDate "2021.09.30"]
[SourceQuality "1"]

1. e4 c5 2. Nf3 d6 3. b3 Nc6 4. Bb5 Bd7 5. 0-0 g6 6. Bb2 Nf6 7. Re1 Bg7 8. a4 0-0 9. Na3 a6 10. Bf1 Ng4 11. Bxg7 Kxg7 12. Nc4 Qc7 13. h3 b5 14. axb5 axb5 15. Na3 b4 16. Nb5 Qb7 17. hxg4 Bxg4 18. d4 cxd4 19. Nbxd4 Ne5 20. Qd2 Nxf3+ 21. gxf3 Bh5 22. Rxa8 Rxa8 23. Bg2 Ra5 24. f4 e5 25. fxe5 dxe5 26. Qg5 Kf8 27. Qd8+ Kg7 28. Qxa5 exd4 29. Qe5+ 1-0